[Event "Online Olym Div3 E"]
[Site "Chess.com INT"]
[Date "2021.08.28"]
[Round "5.5"]
[White "Vasquez Jaen, Lourdes Lorena"]
[Black "Vasquez Vasquez, Marielos"]
[Result "0-1"]
[WhiteElo "1667"]
[BlackElo "1498"]
[PlyCount "74"]
[EventDate "2021.08.27"]
[EventType "team-tourn (rapid)"]
[EventRounds "9"]
[EventCountry "USA"]
[SourceTitle "CBM 204 Extra"]
[Source "ChessBase"]
[SourceDate "2021.11.30"]
[SourceVersion "1"]
[SourceVersionDate "2021.11.30"]
[SourceQuality "1"]
[WhiteTeam "Panama"]
[BlackTeam "El Salvador"]
[WhiteTeamCountry "PAN"]
[BlackTeamCountry "ESA"]

1. e4 c5 2. Nf3 Nc6 3. d3 g6 4. Nbd2 Bg7 5. g3 e6 6. Bg2 Nge7 7. 0-0 d5 8. c3 0-0 9. Re1 b5 10. Qc2 Bb7 11. Nf1 Rc8 12. e5 d4 13. Bf4 Nd5 14. Bg5 Qd7 15. Qd2 f6 16. exf6 Bxf6 17. Bxf6 Rxf6 18. h4 Re8 19. N1h2 e5 20. Ng5 Nd8 21. Bh3 Qc7 22. Ne4 Rff8 23. Ng4 h5 24. Nh6+ Kg7 25. Qg5 Ne6 26. Bxe6 Rxe6 27. Kh2 Ne7 28. Re2 Rh8 29. g4 Rxh6 30. gxh5 Rxh5 31. Qg4 Nf5 32. Rg1 Rxh4+ 33. Qxh4 Nxh4 34. Kg3 Nf5+ 35. Kf3 dxc3 36. bxc3 Qd7 37. Kg2 Qxd3 0-1

[Event "World Cup U18 Girls Prel"]
[Site "Tornelo INT"]
[Date "2021.08.01"]
[Round "3"]
[White "Espinoza Coca, Laura"]
[Black "Vasquez Jaen, Lourdes Lorena"]
[Result "1-0"]
[WhiteElo "1086"]
[BlackElo "1653"]
[PlyCount "51"]
[EventDate "2021.08.01"]
[EventType "swiss (rapid)"]
[EventRounds "10"]
[EventCountry "NET"]
[SourceTitle "EXT 2024"]
[Source "ChessBase"]
[SourceDate "2023.10.10"]
[SourceVersion "1"]
[SourceVersionDate "2023.10.10"]
[SourceQuality "1"]

1. e4 c5 2. Nf3 d6 3. d4 cxd4 4. Nxd4 Nf6 5. Nc3 g6 6. Be3 Bg7 7. f3 0-0 8. Qd2 Nc6 9. 0-0-0 a6 10. g4 Nxd4 11. Bxd4 Be6 12. h4 Rc8 13. a3 b5 14. h5 b4 15. axb4 a5 16. b5 a4 17. b6 a3 18. bxa3 Bc4 19. hxg6 fxg6 20. Bxc4+ Rxc4 21. Bxf6 Rxf6 22. Qd5+ e6 23. Qxc4 Rxf3 24. Nb5 Qf6 25. Qc8+ Kf7 26. Nxd6+ 1-0

[Event "Puerto Rico Inv"]
[Site "Caguas"]
[Date "2021.05.02"]
[Round "5"]
[White "Rodriguez Santiago, Jaime"]
[Black "Vasquez Jaen, Lourdes Lorena"]
[Result "1/2-1/2"]
[WhiteElo "2096"]
[BlackElo "1628"]
[PlyCount "51"]
[EventDate "2021.04.30"]
[EventType "swiss"]
[EventRounds "5"]
[EventCountry "PUR"]
[SourceTitle "EXT 2023"]
[Source "ChessBase"]
[SourceDate "2022.10.05"]
[SourceVersion "1"]
[SourceVersionDate "2022.10.05"]
[SourceQuality "1"]

1. d4 d5 2. c4 e6 3. Nc3 Nf6 4. Bg5 Nbd7 5. e3 Be7 6. cxd5 Nxd5 7. Bxe7 Qxe7 8. Bd3 N7f6 9. Nf3 0-0 10. 0-0 b6 11. Rc1 Bb7 12. Bb1 Rfd8 13. Qe2 Rac8 14. Rfd1 c5 15. dxc5 Rxc5 16. Nxd5 Rcxd5 17. Rxd5 Nxd5 18. h3 Rd7 19. Ne5 Rc7 20. Rd1 Nf6 21. Qd3 g6 22. Qd4 Rc5 23. Qd8+ Qxd8 24. Rxd8+ Kg7 25. Nd3 Rd5 26. Rxd5 1/2-1/2

[Event "Wch FIDE Online U18 Girls America qual"]
[Site "Tornelo INT"]
[Date "2020.12.03"]
[Round "4"]
[White "Jonet, Davena"]
[Black "Vasquez Jaen, Lourdes Lorena"]
[Result "0-1"]
[WhiteElo "1458"]
[BlackElo "1410"]
[PlyCount "46"]
[EventDate "2020.12.01"]
[EventType "swiss (rapid)"]
[EventRounds "7"]
[EventCountry "ISS"]
[SourceTitle "EXT 2022"]
[Source "ChessBase"]
[SourceDate "2021.10.06"]
[SourceVersion "1"]
[SourceVersionDate "2021.10.06"]
[SourceQuality "1"]

1. e4 e5 2. Nf3 Nc6 3. Bc4 Bc5 4. Nc3 Nf6 5. d3 h6 6. Qe2 d6 7. Be3 Bb6 8. Qd2 Ng4 9. Bxb6 axb6 10. d4 exd4 11. Nxd4 Nxd4 12. Qxd4 Ne5 13. Bb3 Be6 14. Bxe6 fxe6 15. f4 Qh4+ 16. Kd2 Qxf4+ 17. Ke2 0-0 18. Raf1 Qg4+ 19. Ke1 Qxg2 20. Rxf8+ Rxf8 21. Rg1 Nf3+ 22. Kd1 Qxg1+ 23. Qxg1 Nxg1 0-1

[Event "Online Olym Div3 E"]
[Site "Chess.com INT"]
[Date "2020.08.08"]
[Round "5.4"]
[White "Barahona, Dalila Yamileth"]
[Black "Vasquez Jaen, Lourdes Lorena"]
[Result "1/2-1/2"]
[WhiteElo "1802"]
[BlackElo "1539"]
[PlyCount "84"]
[EventDate "2020.08.07"]
[EventType "team-tourn (rapid)"]
[EventRounds "9"]
[EventCountry "USA"]
[SourceTitle "CBM 198"]
[Source "ChessBase"]
[SourceDate "2020.10.31"]
[SourceVersion "1"]
[SourceVersionDate "2020.10.31"]
[SourceQuality "1"]
[WhiteTeam "El Salvador"]
[BlackTeam "Panama"]
[WhiteTeamCountry "ESA"]
[BlackTeamCountry "PAN"]

1. c4 c5 2. g3 g6 3. Bg2 Bg7 4. Nc3 Nc6 5. e3 e5 6. Nge2 Nge7 7. 0-0 d6 8. h3 0-0 9. d3 f5 10. f4 Be6 11. Nd5 Kh8 12. Nec3 Rb8 13. Rb1 Bg8 14. a3 a5 15. Bd2 Qd7 16. Nb6 Qd8 17. Ncd5 Nxd5 18. Nxd5 Qd7 19. b4 axb4 20. axb4 Bxd5 21. Bxd5 b6 22. Qa4 Rbc8 23. bxc5 bxc5 24. Rb6 Nb8 25. Qxd7 Nxd7 26. Rb7 Nf6 27. Bg2 Rb8 28. Rfb1 Rxb7 29. Rxb7 Rd8 30. Ba5 Re8 31. Bc7 e4 32. dxe4 Nxe4 33. Bxe4 fxe4 34. Bxd6 Bf8 35. Be5+ Kg8 36. g4 Rd8 37. Kf2 Rd2+ 38. Ke1 Rc2 39. Rb8 Kf7 40. Rb7+ Kg8 41. Rb8 Kf7 42. Rb7+ Kg8 1/2-1/2